[Event "18th Reykjavik op"]
[Site "Reykjavik ISL"]
[Date "1998.03.14"]
[Round "5.4"]
[White "Van der Weide, Karel"]
[Black "Stefansson, Hannes Hlifar"]
[Result "1/2-1/2"]
[WhiteElo "2450"]
[BlackElo "2540"]
[EventDate "1998.03.10"]
[PlyCount "69"]

1.e4 c5 2.Nf3 d6 3.Bb5+ Nd7 4.O-O Nf6 5.Re1 e5 6.c3 Be7 ( 6...a6 7.Bf1 Be7
8.d4 O-O 9.Nbd2 b5 10.h3 Qb6 11.b3 Re8 12.Bb2 Bf8 13.a4 Rb8 14.Ra2 Bb7 15.
d5 Bc8 16.Qc2 b4 17.Nc4 Qc7 18.Ne3 Qb7 19.Nd2 g6 20.a5 $14 {1-0 
Vasiukov,E-Mestel,A/Hastings 1978/MCD-r7 (41)} ) 7.d4 O-O 8.dxe5 ( 8.Nbd2 
Qc7 ( 8...a6 9.Bxd7 Nxd7 10.dxe5 Nxe5 11.Nxe5 dxe5 12.Nc4 f6 13.Qxd8 Bxd8 
14.Nd6 $14 {1-0 Karaklajic,N-Tarjan,J/Chicago 1973/MCD-r7 (56)} ) 9.a4 Rd8
10.d5 Ne8 11.a5 g6 12.Nc4 f5 13.exf5 gxf5 14.Ng5 Ng7 15.b4 cxb4 16.cxb4 
Nf8 17.Qb3 Ng6 18.Bd2 Bf6 19.Rac1 Qe7 $132 {0-1 Ciocaltea,V-Barle,J/Vidmar
mem 1973/EXT 97 (60)} ) 8...dxe5 ( 8...Nxe5 $5 9.Nxe5 dxe5 10.Qxd8 Rxd8 
11.a4 Be6 $11 {[%cal Gf6e8,Ge8d6]} ) 9.Bg5 a6 10.Bxf6 Nxf6 ( 10...Bxf6 11.
Bf1 Nb6 ( 11...b5 $6 12.a4 $1 b4 13.a5 {[%cal Gb1d2,Gd2c4]} ) 12.Qc2 Be6 
13.a4 c4 $132 {[%cal Gd8c7,Gf6e7]} ) 11.Qxd8 Bxd8 12.Bf1 Bc7 13.a4 {white 
really got nothing special out of the opening,the position is about 
equal,I think that Nxe5 on move 8 was even simpler that this,but here we 
still have a game with active plans for both sides} 13...Bd7 $6 {why to 
allow white to play "a5" after b6 followed by Bb7 black is OK} ( 13...b6 
14.Na3 {[%cal Ga3c4]} ) 14.a5 Bc6 15.Nfd2 {white has "achived " a5 
noramlly this should be very good but the problem is that many times this 
pawn can be weak,and white does not have a dark coloured bishop to attack 
the weak "c5" pawn as quick as possible,but there ia another idea here to 
place the knight's on b3 and c4 which creates strong preesure on the 
Queen's side} ( 15.Nbd2 Rad8 {[%cal Gd8d7,Gf8d8]} ) 15...g5 $5 {white's 
idea is to play Nb3 and then Na3-Nc4 with full control over the squares on
the Queen's side,when black is tied in defence,so black decides to open 
another flank the king's side,since it's quite clear that is order to free
the knight on "d2" white will have to play "f3" so black is already 
prepered with "g4"} ( 15...Rad8 16.f3 ) 16.f3 g4 17.Nc4 $6 {it's quite 
strange for me to understand why white has not played the idea 
Nb3-Na3-Nc4?} ( 17.Nb3 gxf3 18.gxf3 Nd7 {[%cal Gf7f5]} 19.Bh3 $1 Bb8 ( 
19...b6 20.N1d2 ) ( 19...c4 20.N3d2 b5 21.axb6 Nxb6 22.Na3 Bb5 23.Bf1 {
[%csl Rc4]} ) 20.Na3 Ba7 21.Nc4 {when white seems better} ) 17...gxf3 18.
gxf3 Nh5 19.Ne3 Rad8 ( 19...Nf4 20.Nd2 Rad8 21.Nb3 ) 20.Nf5 {[%cal Gg5e7]}
20...Rd7 ( 20...Rfe8 $5 ) 21.c4 {[%cal Gb1c3,Gc3d5] white has no other to 
devlope his "b1" knight since he can not play Nd2 and after Na3 the "a5" 
pawn is hanging} ( 21.Bh3 $6 Rd3 $1 22.Ne7+ ( 22.Bf1 Rxf3 ( 22...Rd7 $11 )
23.Be2 Rxf5 24.exf5 Nf4 $44 ) 22...Kh8 23.Nxc6 bxc6 24.Bf1 Rxf3 25.Bxa6 
Rg8+ 26.Kh1 Rf2 $36 {[%csl Rh1]} ) 21...Ng7 ( 21...Kh8 22.Nc3 Rg8+ 23.Kf2 
Ng7 ( 23...Nf4 24.Nd5 ) 24.Nxg7 Rxg7 25.Nd5 {[%cal Gf1h3]} 25...Bd8 26.
Red1 ) 22.Nxg7 Kxg7 23.Nc3 f5 ( 23...Rd2 24.Re2 $11 ) 24.Nd5 ( 24.Bh3 $6 
Rd2 25.Bxf5 Rxb2 {[%cal Gg7f6,Gf8g8,Ga2h2]} 26.Re2 Rxe2 27.Nxe2 Rd8 {[%cal
Gd8d2]} ) 24...fxe4 25.fxe4 Bd8 26.Bh3 Rdf7 27.Bf5 {the position is about 
equal no players has real plan how to create something with out big danger
for him self} 27...Kh8 28.Re2 Rg7+ 29.Rg2 ( 29.Kh1 Bh4 ) 29...Bg5 30.Ra3 
Rfg8 31.Kf1 Bc1 32.Rxg7 Rxg7 33.Rb3 Bd2 34.Ra3 Bc1 35.Rb3 1/2-1/2

[Event "18th Reykjavik op"]
[Site "Reykjavik ISL"]
[Date "1998.03.14"]
[Round "5.5"]
[White "Rausis, Igors"]
[Black "Westerinen, Heikki"]
[Result "1/2-1/2"]
[WhiteElo "2520"]
[BlackElo "2410"]
[EventDate "1998.03.10"]
[PlyCount "53"]

1.d4 d5 2.c4 dxc4 3.e4 e5 4.Nf3 Bb4+ 5.Bd2 Bxd2+ 6.Nbxd2 exd4 7.Bxc4 Nc6 
8.O-O Qf6 9.b4 Bg4 ( 9...Nge7 10.b5 Nd8 ( 10...Ne5 11.Nxe5 Qxe5 12.f4 Qd6 
13.Nb3 $14 {Shirov,A; Epishin,V} ) 11.e5 Qg6 12.Nxd4 Ne6 ( 12...O-O 13.f4 
Nf5 14.Bd3 $16 ) 13.Nxe6 Bxe6 14.Rc1 $14 {[%cal Gc1c7] 1-0 
Gurevich,M-Romanishin,O/Barcelona 1992 (40)} ) ( 9...a6 10.e5 ( 10.a4 Nge7
( 10...Nxb4 $5 11.e5 Qg6 12.Nxd4 Ne7 ( 12...c5 13.e6 $1 fxe6 14.Nxe6 Bxe6 
15.Bxe6 $36 ) 13.Ra3 $5 O-O ( 13...Bg4 $5 14.Qc1 Rd8 ) 14.Rg3 $36 {1-0 
Gurevich,M-Meins,G/Groningen op 1997 (34)} ) 11.b5 Na5 ( 11...Nd8 12.e5 
Qg6 13.Nxd4 O-O 14.Ra3 $36 { 1-0 Gurevich,M-Lane,G/Brussels op 1995 (27)}
) 12.e5 ( 12.Bd3 c5 ( 12...O-O 13.Qc2 Qb6 14.Rfc1 c6 15.bxa6 bxa6 16.Rab1 
Qa7 17.Ne5 $44 {0-1 Michaelsen,N-Meins,G Germany BL 1997 (52)} ) 13.Qc2 b6
14.e5 Qh6 15.Ne4 O-O 16.Neg5 Ng6 17.Rab1 axb5 18.Rxb5 Nxe5 $17 {0-1 
Goldin,A-Polgar,Z/Moscow blitz 1993 (31)} ) 12...Qg6 13.Nxd4 O-O 14.Qe2 
Nxc4 {E-E Dannevig,O-Christensen,T/Peer Gynt 1992} ) 10...Qg6 11.Nb3 Nge7 
( 11...Bg4 12.Bd3 $1 $14 {Shirov,A-Polgar,Zsu/Brno/1991/} ) 12.Nbxd4 Bh3 
$1 13.Nh4 Qg4 14.Qxg4 {Kasparov,G-Short,N/Novgorod 1994/Inf 
61/[Kasparov,G]/E-E (44)} ) 10.Qa4 {[%cal Gb4b5,Gb5b6,Ga4e8]} 10...Bd7 ( 
10...Ne7 $142 11.b5 Ne5 12.Nxd4 {[%cal Gf2f4]} ( 12.Nxe5 Qxe5 13.f4 Qd6 
14.e5 Qb6 $17 {[%cal Ye7f5,Yf5e3]} ) 12...O-O 13.f4 Nxc4 14.Qxc4 Rad8 15.
N2b3 $36 {[%csl Rg4]} ) 11.b5 Nd8 ( 11...Ne5 12.Nxe5 ( 12.Nxd4 $36 {[%cal 
Gf2f4]} ) 12...Qxe5 13.Nf3 Qf4 14.Bd5 $16 ) 12.e5 ( 12.Nxd4 Ne7 13.e5 $5 (
13.Bb3 $14 ) 13...Qxe5 ( 13...Qf4 14.N2f3 O-O 15.Qb3 $14 ) ( 13...Qb6 14.
N2f3 $14 ) 14.Rfe1 Qf6 ( 14...Qf4 15.Rad1 Ne6 16.N2f3 $44 ) 15.Ne4 Qb6 16.
Qb4 O-O ( 16...Ne6 17.Nxe6 Bxe6 18.Bxe6 fxe6 19.Ng5 $16 ) 17.Nc5 $1 ( 17.
Qxe7 Qxd4 18.Rad1 Qxc4 19.Rxd7 Ne6 $17 ) 17...Nec6 18.Qc3 $1 Nb8 19.Re7 
$44 ) 12...Qb6 ( 12...Qf4 13.Rfe1 $36 {[%cal Ge1e4]} ) 13.Bd3 ( 13.Nxd4 
Ne7 $14 ) 13...Ne7 14.Qa3 $1 {[%cal Gd2c4,Ga3f8]} 14...Ne6 {[%cal Yb6c5]} 
15.Rfc1 {[%csl Rb6][%cal Gd2c4]} 15...Nf4 16.Nc4 Qh6 ( 16...Qe6 {[%cal 
Ye6g4]} 17.Bf1 {[%cal Gf3d4]} 17...Nf5 18.g3 ( 18.b6 cxb6 ( 18...Qg6 19.
Kh1 cxb6 20.Nh4 Nxh4 21.Nd6+ Kd8 22.Nxb7+ Ke8 23.Nd6+ $11 ) 19.Nxd4 Nxd4 
20.Nd6+ Kf8 21.Nf5+ Kg8 22.Ne7+ Kf8 $11 ) 18...Nd5 19.Na5 $44 ) 17.Bf1 ( 
17.Nxd4 Nxd3 18.Qxd3 O-O $11 ) 17...Qg6 {[%cal Yf4h3]} ( 17...Nf5 18.b6 
Qg6 {[%cal Yf4h3]} ( 18...cxb6 19.Nxd4 $40 ) 19.g3 cxb6 20.Nxd4 Nxd4 21.
Nd6+ Kd8 22.Nxb7+ Ke8 23.Nd6+ $11 ) 18.Kh1 d3 ( 18...Bxb5 19.Nxd4 Bd7 20.
Rab1 $44 ) ( 18...Nf5 19.e6 $1 Nxe6 ( 19...Bxe6 20.Nce5 Qf6 21.Rxc7 $40 ) 
20.b6 $1 $40 {[%csl Re8]} ) 19.b6 ( 19.Nb2 $1 $16 {[%cal Gc1c7,Gb2d3]} ) 
19...Bc6 $1 ( 19...cxb6 20.Nd6+ Kf8 21.Rc7 $40 ) 20.bxc7 {[%tqu "En","Find
the move saving the black. .","","","f4h3","",10]} 20...Nh3 $1 $11 21.Nd6+
( 21.Nb6 Nxf2+ 22.Kg1 Nh3+ 23.Kh1 $11 ) 21...Kd7 22.e6+ $2 ( 22.Rxc6 Nxf2+
23.Kg1 Nh3+ $11 ) ( 22.Rxc6 Nxf2+ 23.Kg1 Nh3+ $11 ) 22...Qxe6 $8 ( 22...
fxe6 23.Ne5+ $18 ) ( 22...Kxc7 23.gxh3 {[%cal Gc1c7]} ( 23.Nb5+ $2 Kd8 ( 
23...Kc8 24.gxh3 $18 ) 24.Qd6+ Ke8 25.Nc7+ Kf8 {[%cal Yh3f2]} 26.Nxa8 
Nxf2+ 27.Kg1 Nh3+ $11 ) 23...Qxe6 24.Nb5+ Kb8 25.Qxd3 $18 ) 23.Nxf7 Nxf2+ 
24.Kg1 Nh3+ ( 24...Qe3 $1 25.Qc5 ( 25.N3e5+ Kc8 $19 {[%cal 
Yf2h3,Ye3g1,Yh3g1]} ) 25...Nh3+ 26.Kh1 Qxc5 27.Rxc5 Rhf8 28.N7e5+ Kxc7 $17
) 25.Kh1 Nf2+ 26.Kg1 Nh3+ 27.Kh1 1/2-1/2

[Event "18th Reykjavik op"]
[Site "Reykjavik ISL"]
[Date "1998.03.14"]
[Round "5.6"]
[White "Djurhuus, Rune"]
[Black "Gallagher, Joseph"]
[Result "0-1"]
[WhiteElo "2510"]
[BlackElo "2490"]
[EventDate "1998.03.10"]
[PlyCount "79"]

1.d4 Nf6 2.c4 g6 3.Nc3 Bg7 4.e4 d6 5.Be2 O-O 6.Nf3 e5 7.O-O Na6 8.Be3 Ng4 
9.Bg5 Qe8 10.h3 h6 11.Bc1 exd4 12.Nxd4 Nf6 13.Bf3 Nh7 14.Re1 ( 14.h4 Qe5 (
14...Qe7 15.g3 c6 16.Be3 Nf6 17.Re1 Kh7 18.Bf4 Nd7 19.Bg2 {E-E Mileto,G-La
Groteria,S/Forli op 1992} ) 15.Be3 f5 16.exf5 gxf5 17.Bd5+ Kh8 18.Nf3 Qe8 
19.Re1 Qg6 20.Ne2 c6 21.Nf4 Qg4 22.Nh2 {1-0 Matveeva,S-Cramling,P/Belgrade
1992} ) ( 14.Be3 Ng5 15.Re1 c6 16.Rc1 Nc5 17.Rc2 Qe7 18.Nb3 Nxf3+ 19.Qxf3 
Nd3 20.Rd1 Nxb2 21.Rxb2 Bxc3 22.Rc2 Be5 23.Bxh6 Re8 $132 {E-E 
Piket,J-Gelfand,B/Wijk 1992 (30)} ) 14...Ng5 ( 14...Nc5 15.Be3 Qd8 16.Nb3 
Ne6 17.Be2 Qh4 18.Bf1 f5 19.exf5 gxf5 20.g3 Qf6 21.Nd5 Qf7 22.Nd4 $16 {
Sokolov,I-Gelfand,B/Belgrade Invest 1991/1-0 (56)} ) 15.Bg4 ( 15.Be3 Qe5 
$5 ( 15...Nc5 16.Ndb5 Qd8 17.Bxc5 dxc5 18.Qxd8 Rxd8 19.Nxc7 Nxf3+ 20.gxf3 
Rb8 $44 {Gelfand} ) 16.Qd2 Bxh3 $5 17.Be2 $8 Bd7 18.f4 Nxe4 19.fxe5 Nxd2 
20.Bxd2 dxe5 $44 {E-E Bagaturov,G-Sturua,Z/Protvino zt 1993 (29)} ) 15...
Bxg4 16.hxg4 c6 ( 16...Qd7 17.f3 Rae8 18.Be3 c6 19.Qd2 Qe7 20.Rad1 Rd8 21.
Nde2 $14 {E-E Bernard,C-Ragozin,E/Paris-ch 1993 (31)} ) ( 16...Nc5 17.Bxg5
hxg5 18.Qd2 c6 19.Rad1 Rd8 20.Nf3 Qe6 21.Qxg5 Qxc4 22.Qh4 Ne6 23.Re3 Rfe8 
24.g5 d5 $17 {0-1 Rogers,I-Gallagher,J/BL9697 1997 (41)} ) 17.Bf4 Rd8 18.
Qd2 Nc5 19.Rad1 Qe7 ( 19...Ngxe4 20.Nxe4 Nxe4 21.Qc2 d5 22.f3 f5 23.fxe4 
dxe4 24.Nb3 $16 ) 20.f3 Rfe8 21.Bg3 ( 21.Nde2 $5 Be5 22.Be3 ) 21...Qf6 22.
Qf2 ( 22.b4 Nce6 23.Nde2 $140 ( 23.Nce2 $142 $14 {/=} ) 23...Nxf3+ $1 24.
gxf3 Ng5 $17 {[%cal Yg5f3,Yf3d2,Yf3e1,Yf3g1]} ) 22...Qe7 23.Re2 {[%cal 
Ge2d2,Gd1d6,Gg3d6]} ( 23.b4 Nce6 24.Nde2 $14 ) 23...Nge6 24.Nf5 $5 ( 24.
Nc2 Be5 $11 ) 24...gxf5 25.exf5 Qf8 26.fxe6 fxe6 {[%cal Ye6e5,Yc5e6,Ye6d4]
} 27.Qe1 ( 27.Ne4 Nxe4 28.Rxe4 d5 29.Ree1 $14 {[%csl Rg8][%cal Gg3e5] /=} 
) 27...e5 28.Bf2 b6 {[%cal Yc5e6,Ye6d4,Ye6f4]} ( 28...Ne6 29.Bxa7 $16 ) 
29.Bxc5 $5 ( 29.b4 Ne6 30.b5 Nd4 $132 ) 29...bxc5 30.Red2 {[%csl Rd6][%cal
Gc3e4]} 30...e4 $1 31.Nxe4 Qf4 $5 ( 31...Bd4+ 32.Rxd4 cxd4 33.Qh4 Re6 34.
Rxd4 $44 ) 32.Qh4 Be5 $44 33.Nxc5 $2 ( 33.Kh1 $142 {The black should prove
that they have compensation for the sacrifising pawn.} ) 33...Bf6 $1 34.
Qh5 Qe3+ 35.Kh1 Qxc5 36.Qg6+ ( 36.Qxh6 Bg7 $19 {[%csl Rh1]} ) 36...Bg7 37.
Rxd6 Rxd6 ( 37...Qxd6 38.Rxd6 Re1+ 39.Kh2 Rxd6 $19 ) 38.Qxe8+ Bf8 $19 39.
Re1 Qxc4 40.Qe3 0-1

[Event "18th Reykjavik op"]
[Site "Reykjavik ISL"]
[Date "1998.03.14"]
[Round "5.7"]
[White "Olafsson, Helgi"]
[Black "Thorhallsson, Throestur"]
[Result "1/2-1/2"]
[WhiteElo "2505"]
[BlackElo "2480"]
[EventDate "1998.03.10"]
[PlyCount "30"]

1.c4 e6 2.Nf3 d5 3.d4 Nf6 4.Nc3 c6 5.Bg5 h6 6.Bxf6 Qxf6 7.Qc2 Nd7 8.e4 
dxe4 9.Qxe4 Bb4 10.Bd3 c5 11.O-O Qe7 12.Na4 Nf6 13.Qe2 cxd4 14.Nxd4 Bd7 
15.Bc2 O-O 1/2-1/2

[Event "18th Reykjavik op"]
[Site "Reykjavik ISL"]
[Date "1998.03.14"]
[Round "5.8"]
[White "Sokolov, Ivan"]
[Black "Conquest, Stuart"]
[Result "1-0"]
[WhiteElo "2625"]
[BlackElo "2480"]
[EventDate "1998.03.10"]
[PlyCount "63"]

1.d4 d6 2.Nf3 f5 3.Nc3 Nf6 4.Bg5 c6 5.e3 ( 5.Bxf6 gxf6 ( 5...exf6 6.e4 
fxe4 7.Nxe4 d5 8.Ng3 Bd6 $13 {Edzgveradze Natalia-Sheremetieva Marina/Izt 
(w), Kishinev (Moldova) 1995/0-1 (59)} ) 6.e4 Qb6 7.Rb1 fxe4 8.Nxe4 Bg4 9.
c3 Nd7 10.Bd3 $14 {Lehmann,H-Mozes,E/Budapest FS06 IM-A 1994/1-0(33)} ) 
5...Qb6 6.Rb1 g6 7.Bxf6 exf6 8.h4 $1 $146 {The typical plan to shatter 
black pawns on the kingside.} ( 8.Bd3 d5 9.O-O Bd6 10.Ne2 Be6 11.b3 Qd8 
12.c4 O-O 13.Qc2 $14 {Skembris,S-Nikolaidis,I/Heraklio op 1993/E-E(35)} ) 
8...d5 ( 8...h5 9.Ne2 $5 {[%csl Rg6][%cal Ge2f4]} ( {or} 9.Bd3 ) ) 9.h5 g5
$6 ( 9...Bg7 10.Bd3 $14 {/i} ) 10.Bd3 $16 {[%csl Rf5] Consiquance of 
h2-h4-h5 the pawn-f5 became vulnerable.} 10...Bd6 11.Ne2 Be6 ( 11...Qa5+ 
12.c3 Qxa2 13.Qc2 $16 {[%csl Rf5][%cal Ge1g1]} ) 12.c3 {[%cal Gd1c2]} 
12...Qc7 13.Qc2 Qd7 14.Ng3 $1 Bxg3 $6 ( 14...f4 15.exf4 ( 15.Nf5 Bxf5 16.
Bxf5 Qe7 ) 15...Bxf4 16.O-O O-O 17.Rbe1 {[%cal Rd3h7]} 17...Re8 18.Bg6 $1 
hxg6 ( 18...Re7 19.Nf5 hxg6 20.Nxe7+ Qxe7 21.Qxg6+ Kh8 22.g3 $18 ) 19.
Qxg6+ Kf8 20.Qxf6+ Qf7 21.Qh6+ Kg8 22.Nxg5 Bxg5 23.Qxg5+ $16 ) 15.fxg3 O-O
16.O-O {[%cal Gf1f5] if} 16...Qe8 17.Rbe1 ( 17.Bxf5 $6 Bxf5 18.Qxf5 Qxe3+ 
) 17...Nd7 18.Bxf5 Bxf5 19.Qxf5 Nb6 20.e4 $1 $18 Qxh5 21.exd5 Nxd5 22.c4 
Nb6 23.Re7 Qg6 ( 23...Rf7 24.Qe6 {[%cal Rf3g5]} 24...Rf8 25.Rxb7 $18 ) 24.
Qe6+ Kh8 25.Rxb7 Rae8 26.Qxc6 Qd3 27.b3 Nc8 28.Qc7 Rg8 ( 28...Re7 29.Qc5 
$1 ) 29.Qf7 Ref8 30.Qe6 g4 31.Nh4 Qxg3 32.Nf5 {[%csl Rh7][%cal Ge6d7]} 1-0

[Event "18th Reykjavik op"]
[Site "Reykjavik ISL"]
[Date "1998.03.14"]
[Round "5.9"]
[White "Nijboer, Friso"]
[Black "Hall, Jesper"]
[Result "0-1"]
[WhiteElo "2580"]
[BlackElo "2460"]
[EventDate "1998.03.10"]
[PlyCount "116"]

1.e4 {Hecht} 1...c5 2.Nf3 Nc6 3.d4 cxd4 4.Nxd4 e6 5.Nc3 d6 6.g4 a6 7.Be3 
Nge7 8.Nb3 ( 8.g5 b5 9.f4 Bb7 ( 9...h6 $6 10.g6 $1 fxg6 11.Nxc6 Nxc6 12.
Qg4 $36 ) 10.Bg2 h6 $1 11.h4 $6 ( 11.gxh6 Rxh6 $1 12.f5 Nxd4 13.Qxd4 ( 13.
Bxh6 $2 Nexf5 $1 14.exf5 Bxg2 15.Qxd4 Bxh1 ) 13...Nxf5 14.exf5 Bxg2 $13 ) 
11...hxg5 12.hxg5 Rxh1+ 13.Bxh1 Rc8 $132 {Shabalov-Smirin ,Los Angeles 
1997} ) ( 8.f4 Nxd4 ( 8...Bd7 9.Nf3 Qa5 10.Bg2 h5 11.gxh5 d5 $1 $15 {
Shirov-PolgarJ,Dos Hermanas 1996} ) 9.Qxd4 Nc6 10.Qd2 b5 11.O-O-O Qa5 12.
Kb1 Be7 13.g5 O-O 14.h4 $16 {Shirov-PolgarJ,Monako 1996} ) 8...b5 9.Bg2 ( 
9.Qe2 Na5 10.Bg2 Bb7 11.Nxa5 Qxa5 12.f4 Nc6 13.O-O Be7 14.g5 Qc7 15.Qf2 
Bd8 16.Ne2 $1 O-O 17.h4 Ne7 18.Nd4 $1 d5 19.e5 $16 ) ( 9.f4 Bb7 10.Qf3 g5 
$1 ( 10...Na5 11.O-O-O Nxb3+ 12.axb3 Rc8 13.h4 Nc6 14.g5 Qa5 15.Kb1 Nb4 
16.Bd4 d5 17.f5 $1 dxe4 18.Qf4 $3 $16 {Shirov} ) 11.fxg5 Ne5 12.Qg2 b4 13.
Ne2 h5 $1 14.gxh5 Nf5 $1 15.Bf2 Qxg5 16.Na5 Ne3 $3 $17 {
Shirov-Polgar.J-Buenos Aires 1994} ) 9...Ne5 $5 10.Qe2 Bb7 ( 10...Nc4 $5 )
11.Nd2 g5 $5 12.Bxg5 Rg8 13.h4 ( 13.f4 Rxg5 14.fxg5 N7g6 15.h4 b4 16.Nd1 
Rc8 $44 ) 13...h6 14.Bf4 Nxg4 ( 14...N7g6 $5 15.Bg3 Qf6 $44 ) ( 14...Rxg4 
$2 15.Bxe5 Rxg2 16.Bg3 Nf5 17.Qf3 ) 15.O-O-O Qc7 ( 15...Qb6 $5 $132 ) ( 
15...Nc6 16.e5 $36 ) 16.e5 dxe5 ( 16...Bxg2 $2 17.exd6 Qb7 18.dxe7 ( 18.
Rhg1 $5 $36 ) 18...Bxe7 ( 18...Bxh1 $2 19.exf8=Q+ Kxf8 20.Bd6+ Ke8 21.f3 
$18 ) 19.Rhg1 $40 ) 17.Bxe5 Nxe5 ( 17...Qxe5 $2 18.Qxe5 Nxe5 19.Bxb7 Ra7 
20.Nde4 Bg7 21.Nd6+ Kf8 22.Ndxb5 $18 ) 18.Bxb7 Ra7 $2 ( 18...Qxb7 $5 19.
Qxe5 Bg7 $132 ) 19.Nde4 $1 Bg7 20.Nd6+ Kf8 21.Qe3 $1 N7c6 ( 21...Rxb7 $2 
22.Nxb7 $18 ) ( 21...Qb8 22.Nc8 Nxc8 23.Rd8+ Ke7 24.Rxg8 Qxb7 25.Qc5+ Nd6 
( 25...Kf6 26.Rg1 $18 ) 26.Rd1 $18 ) 22.Bxc6 $2 ( 22.Qc5 Bf6 23.f4 Rxb7 
24.fxe5 Be7 25.Qe3 $18 ) 22...Nxc6 23.Qc5 Nd4 24.Qa3 Qe7 25.Rhg1 Be5 $2 ( 
25...Rd7 $1 26.Rxg7 Qxd6 ( 26...Rxg7 $6 27.Rxd4 Rg1+ 28.Nd1 $16 ) 27.Qxd6+
Rxd6 28.Rxg8+ Kxg8 $13 ) 26.Qc5 $1 Qxd6 ( 26...Rxg1 27.Qc8+ Kg7 28.Rxg1+ 
$18 ) 27.Qc8+ Ke7 28.Rxg8 $18 Qc7 29.Qf8+ Kf6 30.Qxh6+ Ke7 31.Qf8+ Kf6 32.
Qg7+ Ke7 33.Qg5+ Kd7 34.Rf8 $4 ( 34.Qe3 $1 Bf4 35.Rxd4+ $18 ) 34...Bf4+ 
$19 35.Kb1 Bxg5 36.Rxf7+ Be7 37.Rxd4+ Kc6 38.a4 Qb6 39.Re4 Bd6 40.Rf6 Re7 
41.axb5+ axb5 42.h5 Qc5 43.Rexe6 Rxe6 44.Rxe6 Qxh5 {[#] Hecht: Black has 
sufficient material to win with the queen versus rook and two pawns. A 
Medal for the material division. [#] Hecht: Schwarz hat noch genuegend 
Material, um mit der Dame gegen Turm plus zwei Bauern zu gewinnen. Eine 
Medaille fuer die Materialverteilung.} 45.b3 ( 45.Ne4 $2 Qd1+ 46.Ka2 Qd5+ 
) 45...Qh3 46.Ne2 Qf1+ 47.Kb2 Kd5 48.Re3 b4 ( 48...Qxf2 {Hecht} 49.Rd3+ 
Kc5 50.b4+ Kxb4 $2 51.Rxd6 Qxe2 52.Rd3 $11 ) 49.f4 Bf8 50.c4+ Kc6 51.Kc2 
Bg7 52.Kd2 Qb1 53.Rd3 Kc7 54.Ke3 Qb2 55.Kf3 Bc3 56.Ke3 Be1 ( 56...Qxb3 {
Hecht} 57.Nxc3 bxc3 58.Kd4 {[%csl Rc3] ergibt ein betraechtliches 
technisches Problem.} ) 57.Kf3 Qc2 58.Re3 Bd2 {Hecht: Die wei@: en Figuren
sind abgedraengt, so da@draengt, b3 endgueltig faellt.} 0-1

[Event "18th Reykjavik op"]
[Site "Reykjavik ISL"]
[Date "1998.03.14"]
[Round "5.10"]
[White "Agdestein, Simen"]
[Black "Richardson, John"]
[Result "1-0"]
[WhiteElo "2570"]
[BlackElo "2315"]
[EventDate "1998.03.10"]
[PlyCount "79"]

1.d4 Nf6 2.c4 e6 3.Nc3 Bb4 4.e3 d5 5.Nf3 c5 6.a3 Bxc3+ 7.bxc3 O-O 8.Bb2 {
Rare move was played played by great Kortchnoi few times unfortunately 
doesn,t promised any advantage to White.} ( 8.cxd5 exd5 9.Bd3 $5 ) 8...Qa5
( 8...Nc6 9.Qc2 cxd4 ( 9...b6 10.Rd1 Qe7 11.Ne5 Bb7 12.cxd5 exd5 13.c4 
cxd4 14.Nxc6 Bxc6 15.Rxd4 Rac8 16.Qf5 $1 $36 {1-0 
Kortchnoi,V-Fuchs/Leningrad i 1967 (34)} ) 10.cxd4 Bd7 11.Bd3 dxc4 12.Qxc4
Rc8 13.Qc2 Qa5+ 14.Ke2 Ne7 15.Rac1 Ned5 16.Qb1 Bb5 $11 {1-0 
Kortchnoi,V-Palac,M/Val Maubuee 1990 (53)} ) 9.Nd2 ( 9.Bd3 cxd4 10.exd4 
dxc4 11.Bxc4 Nc6 12.O-O e5 13.Re1 Bg4 14.h3 Bh5 $11 {E-E 
Siwiec,B-Zemerov,V/Katowice op 1993 (60)} ) 9...Nbd7 ( 9...Qc7 10.cxd5 
cxd4 11.d6 $5 ( 11.cxd4 exd5 12.Bd3 Re8 13.O-O Nc6 14.Qc2 Bg4 15.Rfe1 Bh5 
16.e4 $1 dxe4 17.Nxe4 Nd5 18.Qc5 $36 {1-0 Olafsson,F-Sosonko,G/Wijk aan 
Zee 1976 (24)} ) 11...Qxd6 12.cxd4 Nc6 13.Be2 Rd8 14.Nc4 Qe7 15.Qb3 b6 16.
O-O Ba6 17.Rfc1 $14 {1-0 Wirthensohn,H-Sharif,M/Arandjelovac 1985 (31)} ) 
10.cxd5 exd5 11.Bd3 {White got nice pair of bishops, but good development 
promised equal chances to Black} 11...cxd4 12.Nb3 ( 12.cxd4 Nb6 13.O-O Na4
14.Qc2 Bd7 15.Nb3 Qd8 16.Nc5 Rc8 17.Qb3 Nxc5 18.dxc5 $14 {1-0 
Olafsson,F-Medina Garcia,A/Wijk 1969 (36)} ) 12...Qc7 13.cxd4 Nb6 {[%cal 
Gb6c4]} 14.a4 Re8 15.O-O Ng4 16.g3 {[%csl Rf3,Rh3]} 16...Qd6 {[%cal 
Gd6h6,Rh6h2]} 17.Bc1 Qh6 18.h4 Qh5 19.Qf3 Nc4 {[%cal Gc4d6,Gd6e4]} 20.Re1 
Nd6 21.Qg2 Nf6 {[%cal Gc8g4]} 22.f3 ( 22.Ba3 Nf5 ( 22...Nde4 $6 {[%cal 
Gc8g4]} 23.f3 $1 Bh3 ( 23...Nc3 24.Bb2 $18 {[%csl Rc3]} ) 24.Qxh3 ( 24.Qh1
Nxg3 25.Qxh3 Qxf3 26.Qg2 Rxe3 27.Qxf3 Rxf3 28.Nc5 $14 ) 24...Ng5 25.Qf5 
Nxf3+ 26.Kg2 Nxe1+ 27.Rxe1 $16 ) ) 22...Bf5 23.Bf1 $1 {[%cal Rc1a3,Rg3g4]}
( 23.g4 $2 Qxh4 {[%cal Rh4e1]} ) 23...Rac8 {[%csl Yc2]} 24.Nc5 Qg6 ( 24...
b6 $6 25.Nd3 $14 ( 25.g4 $2 Qxh4 ) 25...Nc4 ( 25...Bxd3 26.Bxd3 Nf5 27.Bd2
{[%csl Rh5]} ) 26.Nf4 Qh6 27.Qf2 {[%cal Rg4g5,Rg3g5]} ) 25.g4 b6 ( 25...
Bd7 26.g5 {[%csl Rd7]} 26...b6 27.h5 $1 Nxh5 28.Nxd7 Nf4 29.Qg3 Nh5 30.Qg4
$18 ) 26.gxf5 Qxg2+ 27.Bxg2 bxc5 28.Ba3 $6 Nc4 {Serious mistake, after 
natural} ( 28...Nxf5 $142 $1 {Black,s could get very nice position, for 
example} 29.Bh3 ( 29.Bxc5 Nxh4 30.Bxa7 Rc2 ( 30...Rc3 31.Bh1 {[%csl 
Ga4][%cal Ra4a8]} ) 31.Bh1 Nf5 32.Ra3 $140 Nh5 $1 $40 {[%cal Rh5f4,Rf5h4]}
) 29...Nxh4 30.Bxc8 Nxf3+ 31.Kf2 Nxe1 32.Bf5 g6 33.Rxe1 gxf5 34.dxc5 Ng4+ 
35.Kf3 d4 $1 $17 ) 29.Bxc5 {[%csl Ga4,Ra7]} 29...Nxe3 30.Bxa7 Rc2 ( 30...
Nxf5 31.Rxe8+ Rxe8 32.a5 Nxh4 33.a6 Nxg2 34.Kxg2 Ra8 35.Rb1 $1 $16 ) 31.
Bh3 $1 {[%cal Ge1e8]} 31...Ra8 ( 31...Nc4 32.Rxe8+ Nxe8 33.a5 Nd2 34.Bg2 
$18 ) 32.Rxe3 ( 32.Bc5 $5 ) 32...Rxa7 33.Rb3 h6 ( 33...Kf8 $5 ) 34.a5 {
[%cal Ra5a6,Rb3b7]} 34...Nh5 35.Bf1 ( 35.a6 $5 Nf4 36.Bf1 $18 ) 35...Ng3 (
35...Nf4 36.a6 ) 36.Bd3 Rd2 37.a6 $18 {[%cal Rb3b7]} 37...Ne2+ 38.Bxe2 
Rxe2 39.Rb7 Re7 ( 39...Ra8 40.a7 Kf8 41.Rab1 Ree8 42.Rd7 $18 {[%cal 
Rb1b7,Rb7f7]} ) 40.Rxe7 1-0